Futurama Episodes Quiz Stats

 Plays Quiz not verified by Sporcle

Challenge
Share
Tweet
Embed
Score 0/128 Timer 11:00
0 Plays Today
% Correct
Space Pilot 3000
87.4%
Bender's Big Score
84.4%
The Series Has Landed
84.2%
Bender's Game
82.2%
The Beast with a Billion Backs
81.4%
Into the Wild Green Yonder
79.3%
The Devil's Hands are Idle Playthings
78.2%
I, Roommate
76.5%
Mars University
72.6%
Jurassic Bark
71.3%
Rebirth
71.3%
Anthology of Interest I
70.3%
Meanwhile
69.7%
Anthology of Interest II
69.2%
My Three Suns
68.9%
Brannigan, Begin Again
68.7%
Fry and the Slurm Factory
68.6%
The Why of Fry
68.2%
How Hermes Requisitioned His Groove Back
68%
Hell Is Other Robots
67.8%
Love's Labours Lost in Space
67.5%
Leela's Homeworld
67.3%
The Farnsworth Parabox
67%
Three Hundred Big Boys
65.7%
Amazon Women in the Mood
65.6%
Xmas Story
65.5%
The Luck of the Fryrish
65.5%
Roswell That Ends Well
65.3%
The Sting
64.8%
Naturama
64.5%
War is the H-Word
64.3%
Reincarnation
63.9%
Kif Gets Knocked Up a Notch
63.8%
A Flight to Remember
63.7%
Why Must I Be a Crustacean in Love?
63.1%
The Honking
63.1%
Fear of a Bot Planet
62.8%
Teenage Mutant Leela's Hurdles
62.4%
Spanish Fry
62.4%
A Fishful of Dollars
62.2%
Bender Should Not Be Allowed on TV
61.4%
A Head in the Polls
61.2%
Bend Her
60.8%
% Correct
The Day the Earth Stood Stupid
60.7%
When Aliens Attack
60.1%
Bender Gets Made
59.8%
The Late Philip J. Fry
59.4%
The Problem with Popplers
59.2%
A Big Piece of Garbage
59.2%
Put Your Head on My Shoulder
58.9%
That's Lobstertainment!
58.8%
Mother's Day
58.7%
A Clone of My Own
58.1%
Parasites Lost
58%
Godfellas
58%
Benderama
57.9%
A Tale of Two Santas
57.2%
30% Iron Chef
57.2%
Time Keeps on Slipping
57%
A Bicyclops Built for Two
56.8%
A Leela of Her Own
56.7%
Bendin' in the Wind
56.6%
In-A-Gadda-Da-Leela
56.4%
Attack of the Killer App
56.4%
Yo Leela Leela
56.4%
Proposition Infinity
56.2%
Where the Buggalo Roam
55.9%
The Deep South
55.7%
The Mutants Are Revolting
55.7%
Crimes of the Hot
55.6%
The Birdbot of Ice-Catraz
55.6%
That Darn Katz!
55.5%
The Cryonic Woman
55.2%
Stench and Stenchibility
55.2%
Love and Rocket
55.1%
The Futurama Holiday Spectacular
54.3%
Lethal Inspection
53.7%
Where No Fan Has Gone Before
53.7%
Obsoletely Fabulous
52.7%
Bendless Love
52.7%
The Duh-Vinci Code
52.7%
2-D Blacktop
52.5%
The Tip of the Zoidberg
52%
I Second That Emotion
51.8%
Möbius Dick
51.7%
Raging Bender
51.5%
% Correct
Overclockwise
51.5%
Less Than Hero
51.3%
The Route of All Evil
51.1%
Game of Tones
51%
Calculon 2.0
50.9%
Decision 3012
50.6%
Insane in the Mainframe
50.4%
I Dated a Robot
50.1%
Murder on the Planet Express
49.7%
Fry and Leela's Big Fling
49.7%
Fry Am the Egg Man
49.4%
T.: The Terrestrial
49.3%
The Bots and the Bees
49.3%
The Prisoner of Benda
48.9%
Law and Oracle
48.9%
The Silence of the Clamps
48.8%
The Cyber House Rules
48.6%
Future Stock
48.5%
A Pharaoh to Remember
48%
The Lesser of Two Evils
47.8%
Cold Warriors
47.6%
Neutopia
47.5%
Zapp Dingbat
47.3%
Viva Mars Vegas
47.2%
A Clockwork Origin
47.1%
The Six Million Dollar Mon
47.1%
A Taste of Freedom
47%
Saturday Morning Fun Pit
46.7%
All the Presidents' Heads
46.5%
Lrrreconcilable Ndndifferences
46.3%
31st Century Fox
45.6%
Leela and the Genestalk
44.5%
Forty Percent Leadbelly
44.1%
Assie Come Home
44%
A Farewell to Arms
43.7%
The Butterjunk Effect
43.6%
The Thief of Baghead
43%
Ghost in the Machines
41.7%
Near-Death Wish
40.9%
Fun on a Bun
39.7%
Free Will Hunting
39.4%
The Inhuman Torch
36.6%

You're not logged in!

Compare scores with friends on all Sporcle quizzes.
Join for Free
OR
Log In

You Might Also Like...

Show Comments

Extras

Top Quizzes Today


Score Distribution

Your Account Isn't Verified!

In order to create a playlist on Sporcle, you need to verify the email address you used during registration. Go to your Sporcle Settings to finish the process.

Report this User

Report this user for behavior that violates our Community Guidelines.

Details: